01083nam a2200313 i 450000100060000000300100000600500170001600700030003300800410003602000180007704000350009504100080013008200210013810000500015924500510020925000230026026400520028330000590033533600270039433700330042133800280045452100410048265000630052365000620058665000420064865000500069094200120074099900170075257524CO-BoRNBP20250709101033.0ta231128s2023 ck er ||0 | spa | a9789580805588 aCO-BoRNBPbspaerdacCO-BoRNBP0 hspa04a070.48bV14r222 aValencia Murillo, Edna Lilianaeautora95896013aEl racismo y yocEdna Liliana Valencia Murillo aEdición especial 1aBogotá, ColombiabCírculo de Lectoresc2023 a193 páginasbilustraciones en blanco y negro:c24 cm atextobtxt2rdacontent asin mediaciónbn2rdamedia avolumenbnc2rdacarrier aRecomendado para un público adulto17aRacismovCrónicas periodísticaszColombia2LEMB95896110aAfrocolombianosxAspectos sociales y morales2LEMB95896217aNegrosxIdentidad racial2LEMB95896317aNegrosxVida social y costumbres2LEMB958964 2ddccBK c57524d57524